00420nam a2200169Ia 4500003000400000005001700004008004100021020001500062040000700077041000800084082001700092100002300109245004800132260004000180300001700220365001300237OSt20230417111013.0210423s2007 xx 000 0 und d a8130907445 cAL aeng a809.935 BLOH aBLOOM (Harold),Ed. aKen Kenseys One flew over the cuckoos nest. aNew DelhibViva Books Pvt Ltdc2007 aviii,194bPB b125cINR